| 000 | 00557nam a2200217Ia 4500 | ||
|---|---|---|---|
| 003 | OSt | ||
| 005 | 20220928141105.0 | ||
| 006 | a|||||r|||| 00| 0 | ||
| 007 | ta | ||
| 008 | 220927b |||||||| |||| 00| 0 eng d | ||
| 024 | _a13645 | ||
| 037 | _cTextual | ||
| 040 |
_aSDCL _cSDCL _beng |
||
| 041 |
_2eng _aeng |
||
| 082 | _aD65,14, N4 | ||
| 100 |
_aMohan Ned _9499071 |
||
| 245 | 0 |
_aPower electronics _b Converters,applications and design. |
|
| 260 | _c1994 | ||
| 942 |
_hD65,14, N4 _cTEXL _2CC |
||
| 999 |
_c816054 _d816054 |
||